La Masía catalana /
Colección:
San Jorge,
; núm. 15 (juliol 1954), pàg 15-19
Otros Autores:
Llobet, Salvador, 1908-1991
Idioma:
Español
MARC
| LEADER | 00000naa a2200000 a 4500 | ||
|---|---|---|---|
| 003 | Arxiu | ||
| 005 | 20260324181047.0 | ||
| 008 | 160829s1954 spcaxx s0 spa c | ||
| 040 | |a agdb | ||
| 100 | |a Pujol, Lluís |9 38360 | ||
| 245 | 1 | 3 | |a La Masía catalana / |c por Luis Pujol |
| 490 | |a San Jorge, |v núm. 15 (juliol 1954), pàg 15-19 | ||
| 590 | |a Fotografies de: Llobet, S. | ||
| 650 | |a Arquitectura rural |x Catalunya |9 33717 | ||
| 650 | 0 | |a Masos, masies, etc. |9 33718 |z Catalunya | |
| 700 | 1 | |a Llobet, Salvador, |d 1908-1991 |e fotografies |9 25877 | |
| 773 | |g Núm. 15 (juliol 1954), pàg 15-19 |t San Jorge. | ||
| 901 | |a Arxiu | ||
| 942 | |n 1 |2 udc |c ART | ||
| 952 | |0 0 |1 0 |4 0 |6 REV509 |7 1 |9 64823 |a Arxiu |b Arxiu |d 2022-12-15 |l 0 |o Rev-509 |r 2022-12-15 00:00:00 |w 2022-12-15 |y ARXIU |z També disponible a Rev-523 | ||
| 999 | |c 52204 |d 52204 | ||